Nakupování na internetu je stále populárnější

Výsledky výskumov v Českej republike, ktoré potvrdzujú nárast záujmu o nákupy cez internet. Využívanie internetu v mobilných telefónoch. Lepšia informovanosť zákazníkov. Klamlivé praktiky obchodníkov. Záujem zákazníkov o pridané služby. Orientácia kamenných obchodov na internet. Predaj elektroniky c...

Ausführliche Beschreibung

Gespeichert in:
Bibliographische Detailangaben
Format: Buchkapitel
Sprache:Tschechisch
Schlagworte:
Tags: Tag hinzufügen
Keine Tags, Fügen Sie das erste Tag hinzu!

MARC

LEADER 00000naa$a2200000$$$4500
001 0111714
005 20231129095401.0
041 0 |a cze 
044 |a CZ 
245 1 0 |a Nakupování na internetu je stále populárnější 
520 |a Výsledky výskumov v Českej republike, ktoré potvrdzujú nárast záujmu o nákupy cez internet. Využívanie internetu v mobilných telefónoch. Lepšia informovanosť zákazníkov. Klamlivé praktiky obchodníkov. Záujem zákazníkov o pridané služby. Orientácia kamenných obchodov na internet. Predaj elektroniky cez internet. Platba na dobierku ako najobľúbenejšia forma platby. Najväčší hráči na českom trhu. 
610 2 0 |a obchod elektronický 
610 2 0 |a internet 
610 2 0 |a počítače 
610 2 0 |a zákazníci 
610 2 0 |a tovar 
610 2 0 |a elektronika 
610 2 0 |a firmy 
610 2 0 |a prieskum informačný 
610 2 0 |a Česko